| 000 | 00790cam a22002771 4500 | ||
|---|---|---|---|
| 001 | sa 68015642 | ||
| 003 | DLC | ||
| 005 | 20260227112645.0 | ||
| 008 | 850107s1963 ii 000 0 eng | ||
| 010 | _asa 68015642 | ||
| 025 | _aPL480:I-E-8383 | ||
| 035 | _a(OCoLC)11554757 | ||
| 040 |
_aDLC _cHU _dDLC |
||
| 042 | _apremarc | ||
| 043 | _aa-ii--- | ||
| 050 | 0 | 0 |
_aRC55 _b.M38 1963 |
| 110 | 2 | _aMedical College Hospitals Pharmacopoeia Committee. | |
| 245 | 1 | 0 | _aPharmacopoeia of the Medical College hospitals, Calcutta. |
| 250 | _aRev. ed. | ||
| 260 |
_a[Calcutta] _c1963. |
||
| 300 |
_avii, 328 p. _c15 cm. |
||
| 500 | _aCover title. | ||
| 500 | _aAt head of title: Govt. of West Bengal. | ||
| 650 | 0 |
_aMedicine _vHandbooks, manuals, etc. |
|
| 650 | 0 |
_aPharmacopoeias _zIndia. |
|
| 999 |
_c86579 _d86579 |
||